000 00576nam a2200157 4500
999 _c16954
_d16954
008 220524b ||||| |||| 00| 0 eng d
022 _a0117-3308
082 _aDPer 004.1105 C73 Sept 2010 - April 2011 v. 20 n. 3-9
100 _aTuazon, John Mark V.
_945004
245 _aEnsuring the future through E-learning/
_cJohn Mark V. Tuazon.
260 _aPhilippines:
_bSchneider Electric,
_c©2010-2011.
300 _av20 n7, page 12-14:
_bcolor illustrations;
_c27 cm.
500 _aComputer world.
650 _aFind It Computer-assisted instruction.
_945201
942 _2ddc
_cPER